LEADER 01342nam a2200253 4500 001 000000337292 003 CaOOAMICUS 005 20191018124131.0 008 191018s1789 it 000 u ita r 026 $a8.a- s&el so;e esis (3) 1789 (R) 040 $aSeMil$bita 100 11$aBiagi, Clemente,$d<1740-1803>.$0(OLS)http://semarc/name/14079 245 00$aTerza difesa de' canoni trentini sugl'impedimenti matrimoniali scritta da Pietro Diodato nicopolitano contro gli erronei libercoli stampati di recente in Napoli e divisa in due parti. 264 1$aMegalopoli :$b[s.n.],$cNell'anno della cattolica salute, 1789. 300 $a176 p. ;$c8° 500 $aPietro Diodato è pseudonimo di Clemente Biagi 500 $aSegn.: A-L? 650 4$aMatrimonio canonico - Impedimenti.$0(OLS)http://semarc/subject/11673 650 4$aConcilio di Trento <1545-1563>.$0(OLS)http://semarc/subject/58 850 $aSeMil 852 $aSeMil$W1$xVenegono$y1$m3X IV 64 FA$j216959$B229001$CSeMilBibl$Z2$F229001 $8I 996 $6245$aTerza difesa de' canoni trentini sugl'impedimenti matrimoniali scritta da Pietro Diodato nicopolitano contro gli erronei libercoli stampati di recente in Napoli e divisa in due parti$9(OLS)http://semarc/title/426282 996 $6264$aMegalopoli :$b[s.n.]$9(OLS)http://semarc/publisher/58619 LEADER 00958nam a2200217 i 4500 001 000000062701 003 CaOOAMICUS 005 20100610000000.0 008 100610s1966 xx u000 u eng u 013 $a33873 040 $aSeMil$bita 100 1 $aFichter, Joseph H.,$c.$0(OLS)http://semarc/name/25409 245 10$aReligion as an occupation :$ba study in the sociology of professions /$cJoseph H. Fichter. 260 $aNotre Dame (Indiana) :$bUniversity of Notre Dame Press,$c1966. 300 $axvi, 295 p. ;$c20 cm. 650 4$aSociologia religiosa.$0(OLS)http://semarc/subject/892 850 $aSeMil 852 $aSeMil$W1$xVenegono$y1$m2F V 78$j28854$B28854$CSeMilBibl$Z2$F28857 $81 961 $aOmaggio: Donazione 996 $6245$aReligion as an occupation :$ba study in the sociology of professions$9(OLS)http://semarc/title/98765 996 $6260$aNotre Dame (Indiana) :$bUniversity of Notre Dame Press$9(OLS)http://semarc/publisher/33552